000 01189nam a2200241Ia 4500
008 0000002008 sp ad 0000000000mul00
090 _aPSP00 S64s1
245 1 0 _aSoledad Sevilla
_b: obra reciente
_c/ traducción Lorraine Kerslake
300 _a39 p.
_c/ 27 cm.
500 _aExposición realizada en Galería Soledad Lorenzo, septiembre 18 octubre 18, 2008 / Incluye cronología del artista \ Texto bilingue : español inglés \ Proyecto Ganador Programa Apoyos Concertados FGAA 2010
501 _aLa creación se estimula con la mirada = Creation is stimulated by our qaze
505 _aOBRAS : Prólogo Apóstoles blancos Apóstoles mayores Apóstoles menores Cuadraterapia Parque natural Las cosas como fueron.. estaba en el mar Un año de memoria
600 0 0 _aSEVILLA, SOLEDAD, 1944/
_xTRABAJOS PICTORICOS
650 1 4 _aARTE CONTEMPORANEO ESPAÑOL
650 1 4 _aARTISTAS PLASTICOS ESPAÑOLES EXPOSIONES
650 1 4 _xCATALOGOS
650 1 4 _xEXPOSICIONES
650 1 4 _aPINTORES ESPAÑOLES
650 1 4 _aPINTURA AL OLEO
650 1 4 _aPINTURA ESPAÑOLA
700 1 _aKerslake, Lorraine
999 _c12228
_d12228
260 _aMadrid : Galería Soledad Lorenzo
_c2008